<?xml version="1.0" encoding="UTF-8"?>
<record
    xmlns:xsi="http://www.w3.org/2001/XMLSchema-instance"
    xsi:schemaLocation="http://www.loc.gov/MARC21/slim http://www.loc.gov/standards/marcxml/schema/MARC21slim.xsd"
    xmlns="http://www.loc.gov/MARC21/slim">

  <leader>02079nam a22003498i 4500</leader>
  <datafield tag="999" ind1=" " ind2=" ">
    <subfield code="c">28337</subfield>
    <subfield code="d">28308</subfield>
  </datafield>
  <controlfield tag="001">019532862</controlfield>
  <controlfield tag="003">EG-ScBUE</controlfield>
  <controlfield tag="005">20200315105125.0</controlfield>
  <controlfield tag="008">190826s2019    ii a   f      001 0 eng d</controlfield>
  <datafield tag="020" ind1=" " ind2=" ">
    <subfield code="a">9789389034981</subfield>
  </datafield>
  <datafield tag="040" ind1=" " ind2=" ">
    <subfield code="a">StDuBDS</subfield>
    <subfield code="b">eng</subfield>
    <subfield code="e">rda</subfield>
    <subfield code="c">StDuBDS</subfield>
    <subfield code="d">EG-ScBUE</subfield>
  </datafield>
  <datafield tag="082" ind1="0" ind2="4">
    <subfield code="a">572</subfield>
    <subfield code="b">VAS</subfield>
    <subfield code="2">22</subfield>
  </datafield>
  <datafield tag="100" ind1="1" ind2=" ">
    <subfield code="a">Vasudevan, D. M.</subfield>
    <subfield code="q">(Damodaran M.),</subfield>
    <subfield code="e">author.</subfield>
  </datafield>
  <datafield tag="245" ind1="1" ind2="0">
    <subfield code="a">Textbook of biochemistry for medical students /</subfield>
    <subfield code="c">D. M. Vasudevan, MBBS MD FAMS FRCPath, distinguished professor, Department of Biochemistry, chairman, PG programs and research, College of Medicine, Amrita Institute of Medical Sciences, Kochi, Kerala, India, dean, Sikkim Manipal Institute of Medical Sciences, Gangtok, Sikkim, India, Sreekumari S., MBBs MD, formerly, professor and head, Department of Biochemistry, Government Medical College, Sree Gokulam Medical College and Research Foundation, Thiruvananthapuram, Kerala, India, Jubilee Mission Medical College and Research Institute, Thrissur, Kerala, India, Kannan Vaidyanathan, MBBS MD, professor, Department of Biochemistry, head, Molecular Biology, Amrita Institute of Medical Sciences, Kochi, Kerala, India.</subfield>
  </datafield>
  <datafield tag="250" ind1=" " ind2=" ">
    <subfield code="a">Ninth edition.</subfield>
  </datafield>
  <datafield tag="264" ind1=" " ind2="1">
    <subfield code="a">New Delhi :</subfield>
    <subfield code="b">Jaypee Brothers Medical Publishers,</subfield>
    <subfield code="c">2019.</subfield>
  </datafield>
  <datafield tag="300" ind1=" " ind2=" ">
    <subfield code="a">xxiv, 824 pages :</subfield>
    <subfield code="b">illustrations (black and white, and colour) ;</subfield>
    <subfield code="c">28 cm</subfield>
  </datafield>
  <datafield tag="336" ind1=" " ind2=" ">
    <subfield code="a">text</subfield>
    <subfield code="2">rdacontent</subfield>
    <subfield code="b">txt</subfield>
  </datafield>
  <datafield tag="336" ind1=" " ind2=" ">
    <subfield code="a">still image</subfield>
    <subfield code="2">rdacontent</subfield>
    <subfield code="b">txt</subfield>
  </datafield>
  <datafield tag="337" ind1=" " ind2=" ">
    <subfield code="a">unmediated</subfield>
    <subfield code="2">rdamedia</subfield>
    <subfield code="b">n</subfield>
  </datafield>
  <datafield tag="338" ind1=" " ind2=" ">
    <subfield code="a">volume</subfield>
    <subfield code="2">rdacarrier</subfield>
    <subfield code="b">nc</subfield>
  </datafield>
  <datafield tag="500" ind1=" " ind2=" ">
    <subfield code="a">Includes appendices.</subfield>
  </datafield>
  <datafield tag="500" ind1=" " ind2=" ">
    <subfield code="a">Includes index.</subfield>
  </datafield>
  <datafield tag="520" ind1=" " ind2=" ">
    <subfield code="a">A textbook of biochemistry. Rapid advances in the area of molecular biology have been incorporated. Specific learning objectives are provided at the beginning of each chapter to specify what the student should learn from that chapter.</subfield>
  </datafield>
  <datafield tag="650" ind1=" " ind2="7">
    <subfield code="a">Clinical biochemistry</subfield>
    <subfield code="v">Textbooks.</subfield>
    <subfield code="2">BUEsh</subfield>
  </datafield>
  <datafield tag="653" ind1=" " ind2=" ">
    <subfield code="b">ENGCHE</subfield>
    <subfield code="c">March2020</subfield>
  </datafield>
  <datafield tag="655" ind1=" " ind2=" ">
    <subfield code="v">Reading book</subfield>
    <subfield code="9">34232</subfield>
  </datafield>
  <datafield tag="700" ind1="1" ind2=" ">
    <subfield code="a">Sreekumari, S.,</subfield>
    <subfield code="e">author.</subfield>
  </datafield>
  <datafield tag="700" ind1="1" ind2=" ">
    <subfield code="a">Vaidyanathan, Kannan,</subfield>
    <subfield code="e">author.</subfield>
  </datafield>
  <datafield tag="942" ind1=" " ind2=" ">
    <subfield code="2">ddc</subfield>
    <subfield code="c">BB</subfield>
  </datafield>
  <datafield tag="952" ind1=" " ind2=" ">
    <subfield code="0">0</subfield>
    <subfield code="1">0</subfield>
    <subfield code="2">ddc</subfield>
    <subfield code="4">0</subfield>
    <subfield code="7">0</subfield>
    <subfield code="8">Alahram</subfield>
    <subfield code="a">MAIN</subfield>
    <subfield code="b">MAIN</subfield>
    <subfield code="c">1ST</subfield>
    <subfield code="d">2020-03-15</subfield>
    <subfield code="e">Purchase</subfield>
    <subfield code="g">639.00</subfield>
    <subfield code="h">487</subfield>
    <subfield code="l">1</subfield>
    <subfield code="m">95</subfield>
    <subfield code="o">572 VAS</subfield>
    <subfield code="p">000049004</subfield>
    <subfield code="q">2026-05-18</subfield>
    <subfield code="r">2024-10-07 00:00:00</subfield>
    <subfield code="s">2024-10-07</subfield>
    <subfield code="v">798.75</subfield>
    <subfield code="w">2020-03-15</subfield>
    <subfield code="y">BB</subfield>
  </datafield>
</record>
